MARC

LEADER 00000nam0a2200000 4500
001 362311
005 20250211063218.0
035 |a (RuTPU)RU\TPU\retro\19657 
035 |a RU\TPU\retro\19586 
090 |a 362311 
100 |a 20210722d1977 k y0rusy5003 ca 
101 0 |a rus 
102 |a RU 
105 |a y z 001zy 
200 1 |a Вопросы теории сигналов в радиотехнических системах  |e [тематический сборник]  |f Московский энергетический институт ; под ред. А. Ф. Богомолова и др.  
210 |a Москва  |c Изд-во МЭИ  |d 1977 
215 |a 144 с.  |c табл., ил. 
225 1 |a Труды Московского энергетического института (МЭИ)  |v Вып. 334 
320 |a Библиогр. в конце ст. 
500 1 0 |a Труды Московского энергетического института  |9 88841 
606 1 |a Радиосигналы  |2 stltpush  |3 (RuTPU)RU\TPU\subj\72439  |9 85955 
610 1 |a радиотехнические системы 
610 1 |a пропускная способность 
610 1 |a математическое моделирование 
610 1 |a дискретизация 
610 1 |a случайные процессы 
610 1 |a помехоустойчивость 
610 1 |a флуктуационная проводимость 
610 1 |a информационные сигналы 
610 1 |a адаптивная фильтрация 
610 1 |a отраженные сигналы 
610 1 |a модуляционные искажения 
610 1 |a цифровые устройства 
610 1 |a телевизионные изображения 
610 1 |a интегральные уравнения 
610 1 |a упругие тела 
610 1 |a решение задач 
610 1 |a следящие системы 
610 1 |a сигналы 
675 |a 621.372  |v 3 
702 1 |a Богомолов  |b А. Ф.  |4 340 
702 1 |a Борисов  |b В. А.  |4 340 
702 1 |a Беляев  |b Б. Г.  |4 340 
702 1 |a Бараненков  |b А. И.  |4 340 
712 0 2 |a Московский энергетический институт  |c (1930-1992)  |3 (RuTPU)RU\TPU\col\20092  |9 27693 
801 0 |a RU  |b 63413507  |c 19950704  |g psbo 
801 1 |a RU  |b 63413507  |c 20060118  |g PSBO 
801 2 |a RU  |b 63413507  |c 20220211  |g PSBO 
942 |c BK